| 000 | nam a22 a 4500 | ||
|---|---|---|---|
| 999 |
_c487 _d487 |
||
| 005 | 20170504093847.0 | ||
| 008 | 170504b1984 - ||||| |||| 00| 0 eng d | ||
| 020 | _a0675205859 | ||
| 040 | _aAKMAL | ||
| 082 | _a153 DRE | ||
| 090 |
_a153 _bDRE |
||
| 245 |
_aMental Retardation _bA life Cycle Approach _cClifford J.Drew, Donald R.Logan, Michael L.Hardman |
||
| 250 | _a3rd edition | ||
| 260 |
_aUnited States of America _bA Bell 7 Howell Company _c1986 |
||
| 300 |
_a468 pg _c25 cm |
||
| 650 |
_aPsychology _9859 |
||
| 942 |
_2ddc _cBOOK |
||